Culture générale thèmes mélangés #3 - Statistiques

Statistiques générales
  • Ce quiz a été pris 281 fois
  • Le résultat moyen est 9 sur 15
Statistiques - réponses
Hint Réponse % Correct
Planète la plus proche du Soleil Mercure
90%
Seul drapeau n'ayant pas une forme rectangulaire Népal
82%
Päys qui produit le plus de café au monde Brésil
78%
Célèbre compositeur du XVIIIe siècle atteint de surdité Beethoven
75%
Symbole chimique de l'or (tableau périodique) Au
70%
Ville la plus peuplée du monde Tokyo
64%
Le poulet biryani vient de ce pays Inde
63%
Temps que met la lumière du Soleil pour arriver sur la Terre (en minutes) 8 minutes
53%
Nombre d'os dans le corps humain 206
48%
Femme ayant remporté le plus de Grammy Awards (24) Beyoncé
48%
Les larmes de cet animal de Harry Potter sont l'antidote du venin du basilic Le Phénix
48%
Ville où se déroule chaque année l'Arab Fashion Week Dubai
47%
Pays contenant le plus d'îles Suède
33%
Ville où se trouvent les tours Petronas Kuala Lumpur
30%
Film qui a remporté l'oscar du meilleur film de 2012 The Artist
26%
Aucun quiz correspondant
Distribution des résultats
% des personnes avec chaque résultat
Percentile par nombre de réponses
Votre historique - résultats
Vous n’avez pas pris ce quiz